The resurrection of Jesus. (Record no. 7578)

000 -LEADER
fixed length control field 00558nam a2200181 a 4500
001 - CONTROL NUMBER
control field :::00005339$&:&@@
003 - CONTROL NUMBER IDENTIFIER
control field OkBaRHE
005 - DATE AND TIME OF LATEST TRANSACTION
control field 20000607103325.0
008 - FIXED-LENGTH DATA ELEMENTS--GENERAL INFORMATION
fixed length control field s1965 j 000 0 eng u
040 ## - CATALOGING SOURCE
Transcribing agency
100 1# - MAIN ENTRY--PERSONAL NAME
Personal name Orr, James, 1844-1913.
245 14 - TITLE STATEMENT
Title The resurrection of Jesus.
260 ## - PUBLICATION, DISTRIBUTION, ETC. (IMPRINT)
Place of publication, distribution, etc Grand Rapids, MI., :
Name of publisher, distributor, etc Zondervan Publishing House
Date of publication, distribution, etc 1965
300 ## - PHYSICAL DESCRIPTION
Extent 292 p. ;
Dimensions 21 cm.
650 ## - SUBJECT ADDED ENTRY--TOPICAL TERM
Topical term or geographic name as entry element Jesus Christ
General subdivision Resurrection
942 ## - ADDED ENTRY ELEMENTS (KOHA)
Source of classification or shelving scheme
Koha item type Books
Copies
Source of classification or shelving scheme Copy number Date acquired Barcode Lost status Shelving location Price effective from Damaged status Date last seen Permanent Location Not for loan Withdrawn status Koha item type Full call number
 12010-04-145339 General Stacks2010-04-14 2010-04-14RHEMA Bible Training College  BooksBT 480 .O75